| 000 | 00891nam a22002771 4500 | ||
|---|---|---|---|
| 001 | 24296 | ||
| 003 | BD-RjUL | ||
| 005 | 20211209001031.0 | ||
| 008 | 140313s19521942enka 001 0 eng c | ||
| 035 | _a(BD-RjUL)24362 | ||
| 035 | _a(OCoLC)1540688 | ||
| 040 |
_aHarvard Univ. Library _cFJ _dOCoLC _dVtU _dWU _dDLC _dBD-RjUL _beng |
||
| 041 | _aeng | ||
| 082 | 0 | 0 |
_220 _a942 _bBAB 1952 |
| 100 | 1 |
_aBarker, Ernest, _d1874-1960. _95429 |
|
| 245 | 1 | 0 |
_aBritain and the British people / _cby Ernest Barker. |
| 260 |
_aLondon ; _aNew York : _bOxford University Press, _c1942 [IMPRESSION 1952]. |
||
| 300 |
_a141 p. : _billus., diagr. _c20 cm. |
||
| 490 | 0 | _aThe World to-day | |
| 504 | _aIncludes index. | ||
| 651 | 0 |
_aGreat Britain _xCivilization. _974828 |
|
| 651 | 0 |
_aGreat Britain _xPolitics and government. _974829 |
|
| 942 |
_2ddc _cBK |
||
| 999 |
_c24296 _d24296 |
||